[Event "Mid Bohemia Region-chT 2223"]
[Site "Czech Republic"]
[Date "2023.03.19"]
[Round "10.8"]
[White "Svihnos, Vladimir"]
[Black "Pierieviezientsev, Danyil"]
[Result "0-1"]
[WhiteElo "1296"]
[BlackElo "1877"]
[PlyCount "34"]
[EventDate "2022.10.09"]
[EventType "team-tourn"]
[EventRounds "11"]
[EventCountry "CZE"]
[SourceTitle "EXT 2024"]
[Source "ChessBase"]
[SourceDate "2023.10.10"]
[SourceVersion "1"]
[SourceVersionDate "2023.10.10"]
[SourceQuality "1"]
[WhiteTeam "Odolena Voda Aero"]
[BlackTeam "Bakov nad Jizerou II"]
[WhiteTeamCountry "CZE"]
[BlackTeamCountry "CZE"]

1. d4 Nf6 2. Nf3 e6 3. Bg5 h6 4. Bxf6 Qxf6 5. e3 b6 6. Nc3 Bb7 7. Be2 a6 8. a3 g5 9. 0-0 h5 10. b4 a5 11. b5 d6 12. Qd3 Nd7 13. Nd2 Be7 14. Bf3 d5 15. Be2 e5 16. Na4 e4 17. f4 exd3 0-1